| 000 | 00608nam a2200169Ia 4500 | ||
|---|---|---|---|
| 003 | GCL | ||
| 008 | 140319s9999 xx 000 0 ara d | ||
| 040 |
_aGCL / _cGCL |
||
| 082 | 0 | 4 |
_aق _b962.025 _bك ج |
| 100 | 1 | _aكريم ثابت | |
| 245 | 1 | 0 |
_aجلالة الملك بين مصر واوربا: رحلات جلالته فى المانيا وتشكوسلوفاكيا وسويسرا / _cكريم ثابت |
| 300 | _a111 ص | ||
| 490 |
_a100 قصة _v0 |
||
| 650 | 0 | 4 | _aالملك احمد فؤاد (1923 - 1936) |
| 650 | 0 | 4 | _aمصر - تاريخ - العصر الحديث (1805 - 1956 ) |
| 942 |
_2ddc _cBK |
||
| 999 |
_c46386 _d46386 |
||